| 000 | 00375nam a22001337a 4500 | ||
|---|---|---|---|
| 020 | _a9780409332780 | ||
| 082 |
_a341 _bISL |
||
| 100 | _aIslam, M Rafiqul | ||
| 245 |
_aInternational Law: _bcurrent concepts and future directions / _cM Rafiqul Islam |
||
| 260 |
_aAustralia: _bLexisNexis Butterworths, _c2014. |
||
| 300 | _a784 p. | ||
| 563 | _aPB. | ||
| 942 |
_2ddc _cBK |
||
| 999 |
_c614103 _d614103 |
||